000 00740nam a2200241 a 4500
001 BRL_678
005 20190320210841.0
008 230913s1957----mx-a######---#000-0#spa-#
041 _aspa
044 _amx
050 4 _aND50
_b.T54 1 1957
100 1 _aFrancia, Peter de
_924627
245 1 0 _aEl impresionismo
_cPeter de Francia ; traducción de Matilde Z. Horne.
260 _aMéxico
_bHermes
_c1957.
300 _a24 láminas.
_bil. algunas a color
_c19 cm.
440 0 _aTiempo y color
_pPrimera serie : Tendencias de la Pintura Moderna
_v1
_924628
500 _aAu727.
650 1 4 _aPintura
_xHistoria
_924629
650 1 4 _aImpresionismo (Arte)
_924630
700 1 _aHorne, Matilde Z.
_etr.
_924631
902 _aGRL
942 _2lcc
_cB
999 _c9490
_d9490